B Literature - Statistics

General Stats
  • This quiz has been taken 28 times
  • The average score is 9 of 25
Answer Stats
Hint Answer % Correct
Three well-known author sisters Bronte
96%
Old English epic poem about the defeat of Grendel Beowulf
85%
Anna Sewell's equine novel Black Beauty
77%
Peter Pan author Barrie
65%
Unlikely hero from The Hobbit (both names) Bilbo Baggins
65%
Last name of Goodnight Moon author Brown
65%
Scottish poet and lyricist celebrated with his own day each year Burns
58%
Fahrenheit 451 author Bradbury
54%
The Wonderful Wizard of Oz author Baum
50%
Victorian author of sonnet "How Do I Love Thee?" Browning
42%
Are You There God? It's Me, Margaret author Blume
35%
Famous Five author Blyton
35%
Think way, way back to a children's series of books about two sets of fraternal twins, Bert and Nan, and Flossie and Freddie, the ___________ Twins Bobbsey
35%
Wrote Jaws Benchley
31%
Romantic age poet who penned the Songs of Innocence and the Songs of Experience Blake
31%
African American author and civil rights activist known for Go Tell it on the Mountain Baldwin
27%
Another children's book series that fits this category, The ______ Children Boxcar
19%
Brothers Grimm fairy tale about four animals who become musicans, The Town Musicians of _____ Bremen
15%
Term for story that follows the growing up of the main character Bildungsroman
12%
Well known Swedish author known for Beartown Backman
8%
Famous family of bears most of us grew up with Berenstain Bears
8%
Illustrator famous for her flower fairies Barker
4%
Australian American author, well known for March and Horse Brooks
4%
Arguably one of the most recognizable Irish writers Binchy
0%
Canadian poet and novelist known for No Language is Neutral, Dionne ______ Brand
0%
No matching quizzes found
Score Distribution
Percent of People with Each Score
Percentile by Number Answered
Your Score History
You have not taken this quiz